Mortality rates of 205 neotropical tree and shrub species and the impact of a severe drought (Registro nro. 12785)

Detalles MARC
000 -CABECERA
Campo de control 006330000a22001930004500
090 ## - CLASIFICACIÓN LOCAL
Colección AR
Consecutivo 03749
041 0# - IDIOMA
Código de idioma para texto/pista de sonido o título separado
100 1# - ASIENTO PRINCIPAL--NOMBRE PERSONAL
Nombre personal Condit, Richard
245 10 - MENCION DE TITULO
Título Mortality rates of 205 neotropical tree and shrub species and the impact of a severe drought
650 14 - ASIENTO SECUNDARIO DE MATERIA - TERMINO TEMATICO
Término temático o nombre geográfico como elemento de entrada Arboles tropicales
650 14 - ASIENTO SECUNDARIO DE MATERIA - TERMINO TEMATICO
Término temático o nombre geográfico como elemento de entrada Mortalidad
650 14 - ASIENTO SECUNDARIO DE MATERIA - TERMINO TEMATICO
Término temático o nombre geográfico como elemento de entrada Disturbios naturales
650 14 - ASIENTO SECUNDARIO DE MATERIA - TERMINO TEMATICO
Término temático o nombre geográfico como elemento de entrada Demografía vegetal
651 #4 - ASIENTO SECUNDARIO DE MATERIA - NOMBRE GEOGRAFICO
-- Isla Barro Colorado
-- Panamá
700 1# - ASIENTO SECUNDARIO - NOMBRE PERSONAL
Nombre personal Hubbell, Stephen P
700 1# - ASIENTO SECUNDARIO - NOMBRE PERSONAL
Nombre personal Foster, Robin B.
773 1# - Item fuente:
Título Ecological Monographs
Descripción física 4
Paginas del Articulo 419-439
Lugar, editorial y fecha de publicación 1995
Información sobre la relación 65
942 ## - ELEMENTOS ADICIONALES (KOHA)
Tipo de ítem Artículo
Existencias
Withdrawn status Lost status Damaged status No para préstamo Colección Ubicación Permanente Ubicación actual Fecha de adquisición Datos de publicación Seriada Total Checkouts Número topográfico Inventario / Código de Barras Date last seen Price effective from Forma de adquisición Tipo de material
      No para Préstamo Hemeroteca Bogotá Bogotá 27/02/2015 Fuera de circulación   AR 03749 014565 25/03/2015 25/03/2015   Artículo